| 000 | 00833nam a2200229Ii 4500 | ||
|---|---|---|---|
| 003 | JO-AjNU | ||
| 008 | 230605s9999||||xx |||||||||||||| ||und|| | ||
| 017 | _a1433/1990 | ||
| 020 | _a978-603-8106-15-0 | ||
| 040 |
_aJO-AjNU _bara _erda _cJO-AjNU |
||
| 041 | _aara | ||
| 050 | 1 | 4 | _ak155.2012 |
| 100 | 3 |
_a المحروقي، شادية ابراهيم مصطفى ، ناجي ، احمد محروس علي , _eauthor _944667 |
|
| 245 | 0 | 0 | _aالوجيز في إعداد البحث العلمي القانوني |
| 250 | _aط1 | ||
| 264 | 3 | 1 | _aالرياض : مكتبة القانون والاقتصاد ، 2012 |
| 300 | _a80ص | ||
| 336 |
_atext _btxt _2rdacontent |
||
| 337 |
_aunmediated _bn _2rdamedia |
||
| 338 |
_avolume _bnc _2rdacarrier |
||
| 650 | 4 |
_aالقانون -- طرق البحث -- البحث العلمي _944668 |
|
| 999 |
_aA19303 _c22871 _d22871 |
||